000 00801nam a2200193 a 4500
008 080513s2004 ||||||||||||||||| || u
020 _a0821358006
050 _aIBRD(058)ABCDE/2004
100 _aBourguignon, Francois
245 1 0 _aAnnual World Bank Conference on Development Economics 2004: accelerating development
_cedited by Francois Bourguignon and Boris Pleskovic
260 _aWashington, D. C.
_bWorld Bank
_c2004
350 _a0.00
650 0 _aECONOMICS
650 0 _aECONOMIC DEVELOPMENT--AFRICA, SUB-SAHARAN
650 0 _aDEVELOPING COUNTRIES--ECONOMIC POLICY
700 _aPleskovic, Boris
710 _aWorld Bank
995 _D0.00
_FCBU-MAIN LIBRARY (Kitwe)
_H1
_I0.00
_M1
_UAVAILABLE
_WMay 13, 2008
_ZInternational Publications
999 _c34458
_d34458